000 00684cam a22002293a 4500
001 32824
003 PGUSA
005 20140828083718.0
008 100615s2010||||xxu|||||s|||||000 | eng d
040 _aPGUSA
_beng
042 _adc
050 4 _aQL
100 1 _aBrehm, Alfred Edmund,
_d1829-1884
245 1 0 _aHet Leven der Dieren :
_bHoofdstuk 8: De Vinduikers; Hoofdstuk 9: de Stormvogels
_h[electronic resource] /
_cAlfred Edmund Brehm
260 _bProject Gutenberg,
_c2010
506 _aPublic domain in the USA.
516 _aElectronic text
653 _aAnimals
830 0 _aProject Gutenberg
_v32824
856 4 0 _uhttp://www.gutenberg.org/ebooks/32824
942 _cEB
999 _c262079
_d262079